ნორმალური ფორმატი
MARC ფორმატი
ჩანაწერი Corporate Name
ჩანაწერთა რაოდენობა, რომელიც გამოყენებულია: 1
001 - CONTROL NUMBER
- control field: 20079
003 - CONTROL NUMBER IDENTIFIER
- control field: GE_BSU
005 - DATE AND TIME OF LATEST TRANSACTION
- control field: 20231013170328.0
008 - FIXED-LENGTH DATA ELEMENTS
- fixed length control field: 231013|| aca||aabn | a|a d
040 ## - CATALOGING SOURCE
- Original cataloging agency: GE_BSU
- Transcribing agency: GE_BSU
110 ## - HEADING--CORPORATE NAME
- Corporate name or jurisdiction name as entry element: Академия Наук Грузинской ССР.
- Relator term: Батумский научно-исследовательский институт. Научно-исследовательский музей архитектуры Аджарской организации Союза архитекторов Грузии
670 ## - SOURCE DATA FOUND
- Source citation: Work cat.: (GE_BSU): Кахидзе, Амиран Юсупович 20077, Bосточное причерноморье в античную эпоху :
